One, Two...Not Three XX Quiz Stats

 Plays Quiz Updated Feb 20, 2020

Support Sporcle.
Go Orange.
Score 0/36 Timer 11:00
3 Plays Today
% Correct
_____ and Roll
95.3%
Body Parts
89%
Beans
87.4%
Nicknames for a Grandmother
84.5%
Words that Rhyme with 'Flop'
84.2%
Music Awards
82.8%
Ammunition Terms
82.1%
_____ Enterprise
77.5%
Rock and Roll Hall of Fame Inductees
76.9%
Nobel Peace Prize Laureates
76.4%
Eye of _____
76.1%
Songs: 'Let it _____'
74.5%
Medical Groups
73.4%
Songs: 2006 Hits
71.6%
Dogs' Bad Habits
71.5%
_____ Pro
70%
Things that Circulate
69.7%
Magic-Associated Entities
67.9%
% Correct
Balls
63.7%
US Presidents' Nicknames
63%
Trains
62.6%
Basketball Shots
62.5%
Things a Spy Does
60.8%
Tony _____
59.8%
Charles Dickens Characters
59.7%
Fabric Care Products
59.6%
Synonyms for 'Chief' | Gears
58.6%
Brothers
58.4%
Arthurs
58%
Bands
56.7%
_____ Nimitz
53.6%
Alkaline Earth Metals
51.9%
Moon _____
48.3%
Hurricane Names (Retired)
46.1%
Living Southpaws
45.9%
Cards
45.1%

From the Vault

'American' Entertainment

by qlh27

It's not really American unless it has a Brit or two.
Remove Ads.
Support Sporcle.
Get the best of Sporcle when you Go Orange. This ad-free experience offers more features, more stats, and more fun while also helping to support Sporcle. Thank you for becoming a member.

Show Comments

Extras

Top Quizzes Today


Score Distribution

Your Account Isn't Verified!

In order to create a playlist on Sporcle, you need to verify the email address you used during registration. Go to your Sporcle Settings to finish the process.

Report this User

Report this user for behavior that violates our Community Guidelines.

Details: